00338nam a22000977a 4500008004100000082001700041110000800058245013800066260002700204300000900231230609b xxu||||| |||| 00| 0 eng d a354.676bGOK bGOK a2017/2018 Estimates of Development Expenditure of the GoK for the year ending 30th June 2018bVolume 1cVotes D1011-D1064hAPRIL 2017 aKenyabGOKcAPRIL 2017 a575p